The practice of clinical echocardiography / (رقم التسجيلة. 30135)
[ عرض عادي ]
| 000 -الفاتح | |
|---|---|
| حقل البيانات ثابتة الطول | 01223cam a2200373 a 4500 |
| 001 - رقم الضبط | |
| رقم الضبط | 9521049 |
| 003 - محدد رقم الضبط | |
| رقم الضبط | OSt |
| 005 - وقت وتاريخ اخر تعامل مع التسجيلة | |
| رقم الضبط | 20150408114134.0 |
| 008 - عناصر البيانات ثابتة الطول - معلومات عامة | |
| حقل البيانات ثابتة الطول | 120124s2012 paua b 001 0 eng |
| 010 ## - رقم ضبط مكتبة الكونجرس | |
| رقم ضبط مكتبة الكونجرس | 2012003303 |
| 016 7# - رقم ضبط الوكاله الوطنية للضبط الببليوجرافي | |
| رقم ضبط التسجيلة | 101576854 |
| المصدر | DNLM |
| 016 7# - رقم ضبط الوكاله الوطنية للضبط الببليوجرافي | |
| رقم ضبط التسجيلة | 016035625 |
| المصدر | Uk |
| 020 ## - الرقم الدولى المعيارى للكتب | |
| الرقم الدولى المعيارى للكتاب | 9781437727654 (hardcover : alk. paper) |
| 020 ## - الرقم الدولى المعيارى للكتب | |
| الرقم الدولى المعيارى للكتاب | 1437727654 (hardcover : alk. paper) |
| 035 ## - رقم ضبط النظام | |
| رقم ضبط النظام | (OCoLC)ocn773978772 |
| 035 ## - رقم ضبط النظام | |
| رقم ضبط النظام | (OCoLC)773978772 |
| رقم الضبط الملغى والمتاح | (OCoLC)773025176 |
| 035 ## - رقم ضبط النظام | |
| رقم ضبط النظام | (NNC)9521049 |
| 040 ## - مصدر الفهرسة | |
| وكالة الفهرسة الأصلية | DNLM/DLC |
| لغة الفهرسة | eng |
| وكالة النسخ | DLC |
| وكالة التعديل | YDX |
| -- | BTCTA |
| -- | NLM |
| -- | UKMGB |
| -- | VET |
| -- | YDXCP |
| -- | CDX |
| -- | OCLCO |
| 042 ## - رمز التحقق | |
| رمز التحقق | pcc |
| 050 #4 - رقم طلب مكتبة الكونجرس | |
| رقم التصنيف | RC683.5.U5 |
| رقم المادة | C57 2012 |
| 060 00 - رقم الطلب بالمكتبة الطبية الوطنية | |
| رقم التصنيف | WG 141.5.E2 |
| رقم المادة | P8942 2012 |
| 082 00 - رقم تصنيف ديوى العشرى | |
| رقم التصنيف | 616.1207543 |
| رقم الطبعة | 23 |
| 245 04 - بيان العنوان | |
| العنوان | The practice of clinical echocardiography / |
| بيان المسئوليه,etc | [edited by] Catherine M. Otto. |
| 250 ## - بيان الطبعة | |
| بيان الطبعة | 4th ed. |
| 260 ## - PUBLICATION, DISTRIBUTION, ETC. (IMPRINT) | |
| مكان الناشر او الموزع | Philadelphia, PA : |
| اسم الناشر او الموزع | Elsevier/Saunders, |
| تاريخ النشر أو التوزيع | c2012. |
| 300 ## - الوصف المادى | |
| التعداد | xvii, 942 p. : |
| تفاصيل ماديه اخرى للوعاء | ill. (some col.) ; |
| أبعاد الوعاء | 29 cm. |
| 504 ## - تبصرة ببليوجرافية | |
| تبصرة ببليوجرافية,الخ | Includes bibliographical references and index. |
| 650 #0 - المدخل الاضافى بالموضوع-مصطلح موضوعى | |
| مصطلح موضوعي أو اسم جغرافي كعنصر مدخل | Echocardiography. |
| 650 12 - المدخل الاضافى بالموضوع-مصطلح موضوعى | |
| مصطلح موضوعي أو اسم جغرافي كعنصر مدخل | Echocardiography. |
| 650 22 - المدخل الاضافى بالموضوع-مصطلح موضوعى | |
| مصطلح موضوعي أو اسم جغرافي كعنصر مدخل | Cardiovascular Diseases |
| التقسيم الفرعي العام | ultrasonography. |
| 9 (RLIN) | 36119 |
| 700 1# - المدخل الاضافى - اسم شخصى | |
| الإسم الشخصى | Otto, Catherine M. |
| 9 (RLIN) | 36120 |
| 942 ## - عناصر المدخل الإضافي( كوها) | |
| مصدر التصنيف او مخطط الترفيف | Dewey Decimal Classification |
| Koha [default] item type | كتاب |
| حالة الفقد | نموذج السعر الفعال | حالة تلف | ليس للاعارة | رقم الطلب | رقم النسخة | تاريخ الاكتساب | الموقع الحالي | الباركود | الفرع الرئيسي | Date last checked out | Date last seen | نوع المادة فى نظام كوها | مصدر التصنيف او خطة الترفيف | Total Checkouts |
|---|---|---|---|---|---|---|---|---|---|---|---|---|---|---|
| 2013-06-24 | Not For Loan | 616.1207543 PCP | 1 | 2013-06-24 | المكتبة المركزية بالمجمعة (CL) | 00307026 | المكتبة المركزية بالمجمعة (CL) | 2021-01-20 | 2021-01-20 | كتاب | Dewey Decimal Classification | 1 | ||
| 2013-06-24 | 616.1207543 PCP | 2 | 2013-06-24 | المكتبة المركزية بالمجمعة (CL) | 00307027 | المكتبة المركزية بالمجمعة (CL) | 2013-06-24 | كتاب | Dewey Decimal Classification | |||||
| 2013-06-24 | 616.1207543 PCP | 3 | 2013-06-24 | المكتبة المركزية بالمجمعة (CL) | 00307028 | المكتبة المركزية بالمجمعة (CL) | 2013-06-24 | كتاب | Dewey Decimal Classification |
